000 01377nam a2200373 i 4500
001 73449
003 FINmELB
005 20241217143454.0
006 m o u
007 cr cn|||||||||
008 220815s2021 sp o 000 0 spa d
020 _a9788441544253
_q(digital)
020 _z9788441543249
_q(impreso)
035 _a(OCoLC)1342052561
040 _aFINmELB
_bspa
_erda
_cFINmELB
050 4 _aQA76.73.J38
_bN333 2021
080 _a681.3.06 Java
082 0 4 _a005.133
_223
100 1 _aNadal Farré, Mariona,
_eautor.
245 1 0 _aCurso de programación Java /
_cMariona Nadal.
264 1 _aMadrid :
_bAnaya Multimedia,
_c2021.
300 _a1 recurso en línea (456 páginas)
336 _atexto
_btxt
_2rdacontent/spa
337 _acomputadora
_bc
_2rdamedia/spa
338 _arecurso en línea
_bcr
_2rdacarrier/spa
490 1 _aManual imprescindible
588 _aDescripción basada en metadatos suministrados por el editor y otras fuentes.
590 _aRecurso electrónico. Santa Fe, Arg.: elibro, 2022. Disponible vía World Wide Web. El acceso puede estar limitado para las bibliotecas afiliadas a elibro.
650 4 _aJava (Lenguaje de programación)
655 4 _aLibros electrónicos.
797 2 _aelibro, Corp.
830 0 _aManual imprescindible.
856 4 0 _uhttps://elibro.net/ereader/politecnicointernacional/215497
999 _c73449
_d73449